Entry Nombre personal
001 - NÚMERO DE CONTROL
- campo de control: 25549
003 - IDENTIFICADOR DE NÚMERO DE CONTROL
- campo de control: SpMaBN
005 - FECHA Y HORA DE LA ÚLTIMA TRANSACCIÓN
- campo de control: 20230907181650.0
008 - ELEMENTOS DE DATO DE LONGITUD-FIJA
- campo de control de longitud fija: 900725nn ainnnaabn n aaa
016 ## - NÚMERO DE CONTROL DE UNA AGENCIA BIBLIOGRÁFICA NACIONAL
- Número de control del registro: BNE19970362359
024 7# - IDENTIFICADOR DE OTROS ESTÁNDARES
- Número estándar o código: http://viaf.org/viaf/86968945/
- Fuente: viaf
024 7# - IDENTIFICADOR DE OTROS ESTÁNDARES
- Número estándar o código: https://isni.org/isni/0000000059938563
- Fuente: isni
040 ## - FUENTE DE CATALOGACIÓN
- Centro catalogador/agencia de origen: SpMaBN
- Lengua de catalogación: spa
- Centro/agencia transcriptor: SpMaBN
- Normas de descripción: rdc
- Convención/Normas de encabezamiento de materia/tesauro: embne
046 ## - FECHAS CON CODIFICACIÓN ESPECIAL
- Fecha de nacimiento: 1887
- Fecha de la muerte: 1953
100 1# - ENCABEZAMIENTO-NOMBRE DE PERSONA
- Nombre de persona: Barcia y Trelles, Juan,
- Fechas asociadas al nombre: 1887-1953
370 ## - LUGAR ASOCIADO
- Lugar de nacimiento: Vegadeo, Asturias, España
- Fuente del término: embne
- Fuente del término: embne
370 ## - LUGAR ASOCIADO
- Lugar de fallecimiento: Ruscapillán, Argentina
- Fuente del término: embne
372 ## - CAMPO DE ACTIVIDAD
- Campo de actividad: Agronomía
- Fuente del término: embne
374 ## - OCUPACIÓN
- Ocupación: Ingenieros agrónomos
- Fuente del término: embne
375 ## - GÉNERO/SEXO
- Género: Masculino
377 ## - IDIOMA ASOCIADO
- Término de lengua/lenguaje: Español
400 1# - TRAZADO DE VÉASE--NOMBRE DE PERSONA
- Nombre de persona: Barcia Trelles, Juan,
- Fechas asociadas al nombre: 1887-1953
670 ## - FUENTE DE DATOS ENCONTRADOS
- Cita de la fuente: Autores do Instituto de Lugo, 2005
- Información encontrada: p. 36 (Barcia Trelles, Juan; n.en Vegadeo, Asturias en 1887; m. en Ruscapillán, Argentina, 1953; ingeniero agrónomo)
